000 01888ncm0a2200421 4500
001 RU\NLR\ONIZ\198382
005 20250624194803.0
021 _aRU
_b13-98н
_913-8н
035 _aRU\NLR\ONIZ\GALA\5000012359\20140613164303
035 _a(NLR Aleph) 010888992
071 2 0 _aNN 011
090 _a10541629
_c10541629
100 _a20140613d2013 |||y0rusy50 ca
101 0 _arus
102 _aRU
200 1 _aПосвящение Карлу Орфу
_bНоты
_eучеб. пособие по элементар. музицированию и движению
_hВып. 2
_iПоём, танцуем, играем в оркестре
_fЕ. Забурдяева, Н. Карш, Н. Перунова
210 _aСанкт-Петербург
_cНевская нота
_d2013
215 _a55 с.
_d29 см
606 1 _aПособия по гармонии
_yРоссия
_z21 в.
_jНоты
_2nlr_sh
686 _aЩ907(2Р=Рус)
_vLBC/SL
_2rubbk
686 _aЩ98я70
_vLBC/SL
_2rubbk
700 1 _9z01790
_aЗабурдяева
_bЕ. Г.
_gЕлена Григорьевна
_4070
702 1 _9z04790
_aПерунова
_bН. Н.
_gНина Николаевна
_4070
_7ca
702 1 _9z05790
_aКарш
_bН. Н.
_f1951-
_gНаталия Николаевна
_4070
702 1 _9z06790
_aОрф
_bК.
_f1895-1982
_gКарл
_4245
790 1 _9z01700
_aZaburdyaeva
_bE. G.
_gElena Grigor`evna
_4070
790 1 _9z04702
_aPerunova
_bN. N.
_gNina Nikolaevna
_4070
_7ba
790 1 _9z05702
_aKarsh
_bN. N.
_f1951-
_gNataliya Nikolaevna
_4070
790 1 _9z06702
_aOrff
_bC.
_f1895-1982
_gCarl
_4245
801 0 _aRU
_bNLR
_c20140613
_gPSBO
801 1 _aRU
_bNLR
_c20140613
_2rusmarc
801 2 _aRU
_bNLR
_c20190630
852 _aNLR
_bМ
_jК-3/26624(2)
_pМОЭ 2013-8н/98н
_t1
852 _aNLR
_bМ
_jК-3/26624(2)а
_pМОЭ 2013-8н/98на
_t2
942 _cSCORE
980 _aNB
980 _aONIZ